header

From Trocchi to Trainspotting (Record no. 80479)

MARC details
000 -LEADER
fixed length control field 01516nam a2200397Ia 4500
082 04 - DEWEY DECIMAL CLASSIFICATION NUMBER
Classification number 820.9941109045
100 1# - MAIN ENTRY--AUTHOR NAME
Personal name Gardiner, Michael,
245 10 - TITLE STATEMENT
Title From Trocchi to Trainspotting
260 ## - PUBLICATION, DISTRIBUTION, ETC. (IMPRINT)
Place of publication Edinburgh :
Name of publisher Edinburgh University Press,
Year of publication c2006.
300 ## - PHYSICAL DESCRIPTION
Number of Pages 202 p. :
Other physical details ill.
650 #0 - SUBJECT ADDED ENTRY--TOPICAL TERM
Topical Term Criticism
Topical Term Scottish literature
Topical Term Scottish literature
856 40 - ELECTRONIC LOCATION AND ACCESS
Uniform Resource Identifier http://site.ebrary.com/lib/rucke/Doc?id=10131979

No items available.

© 2026 Rongo University
Contact us: librarian | system librarian | Rongo university